000 00331nam a2200133 a 4500
001 4041
005 20140414131903.0
008 081121s19uu xx 00 eng d
020 _a0-671-00048-9
050 _aFIC
_bK25 1997
100 _aKeene, Carolyn
245 _aNancy Drew :
_bThe riddle of the ruby gazelle.
999 _c110798
_d110798